Atletica leggera ai Giochi olimpici - Statistics

Statistiche generali
  • Questo quiz è stato fatto 226 volte
  • Il punteggio medio è 18 su 26
Statistiche sulle risposte
Event % Corretto
100 metri
99%
200 metri
98%
400 metri
96%
Salto in alto
94%
Salto in lungo
94%
Lancio del giavellotto
92%
800 metri
91%
Getto del peso
86%
Salto con l'asta
86%
5000 metri
85%
10,000 metri
84%
Lancio del disco
82%
Maratona
79%
1500 metri
78%
Lancio del martello
76%
Salto triplo
71%
3000 metri siepi
65%
100 metri ostacoli
58%
Staffetta 4 x 100 metri
57%
110 metri ostacoli
53%
Staffetta 4 x 400 metri
53%
400 metri ostacoli
51%
Decathlon
35%
Eptathlon
31%
20 Km marcia
27%
35 Km marcia a squadre mista
9%
Nessun quiz corrispondente trovato
Distribuzione punteggi
Percentuale di utenti per punteggio
Percentile per numero di risposta
I tuoi punteggi nel tempo
Non hai fatto questo quiz